000 00317nam a22001457a 4500
008 230906b ||||| |||| 00| 0 eng d
020 _a6724564
041 _aeng
080 _a575
082 _a575MUL
100 _a13
101 _aMEDBIOL
245 _aTHE ORIGINS OF CHEMISTRY
_cMULTHAUF.P.R
942 _2udc
_cBK
999 _c60262
_d60262